Neural networks : advances and applications
Αποθηκεύτηκε σε:
| Άλλοι συγγραφείς: | |
|---|---|
| Μορφή: | Βιβλίο |
| Γλώσσα: | English |
| Δημοσίευση: |
Amsterdam ; New York, N.Y. :
North-Holland : Distributed for the U.S. and Canada, Elsevier Science Pub. Co.,
1991.
|
| Θέματα: | |
| Ετικέτες: |
Προσθήκη ετικέτας
Δεν υπάρχουν, Καταχωρήστε ετικέτα πρώτοι!
|
MARC
| LEADER | 00000cam a2200000 i 4500 | ||
|---|---|---|---|
| 001 | 1/34007 | ||
| 008 | 941103s1991####ne | ||| |||| ||eng|| | ||
| 020 | |a 0444885331 | ||
| 035 | |l 10039524 | ||
| 035 | |a 1993 |c ΔΑΡΖΕΝΤΑΣ | ||
| 040 | |a GR-MyUA |b gre |e AACR2 | ||
| 041 | 0 | |a eng | |
| 082 | 0 | |a 006.3 |2 (20) | |
| 245 | 1 | 0 | |a Neural networks : |b advances and applications / |c edited by Erol Gelenbe. |
| 260 | |a Amsterdam ; |a New York, N.Y. : |b North-Holland : |b Distributed for the U.S. and Canada, Elsevier Science Pub. Co., |c 1991. | ||
| 300 | |a vii, 273 σ. : |b εικ. ; |c 24 εκ. | ||
| 504 | |a Περιέχει βιβλιογραφικές αναφορές. | ||
| 650 | 0 | 0 | |a Neural networks (Computer science) |
| 700 | 1 | |a Gelenbe, Erol, |d 1945- |e edt | |
| 852 | |a INST |b SAMOS |e 19941103 |h 006.3 NEU |p 005300003182 |q 005300003182 |t BK |y 0 | ||
| 909 | |a Σ |b 026865 | ||